000 00461nmm a2200169Ia 4500
008 251105s9999||||xx |||||||||||||||||und||
020 _a8470304860
041 _aspa
100 _aCacho, Vicente del
245 0 _aRepensar el 98
264 _a[Madrid, España] :
_bBiblioteca Nueva,
_c1997
300 _a175 páginas
490 _aEnsayo Pensamiento
650 _aLiterary History
856 _uhttps://public.digitaliapublishing.com/a/4420
942 _cCF
999 _c73091
_d73091